| 000 | 00629nab a2200205 4500 | ||
|---|---|---|---|
| 001 | 244442 | ||
| 003 | OSt | ||
| 005 | 20250826090743.0 | ||
| 007 | tu | ||
| 008 | 200917s2020||||||| | ||
| 040 |
_aDE-2950 _cDE-2950 |
||
| 245 | 0 | 0 |
_aVorstand verlässt Wichern _bPersonalie. Gabriele Floßmann legt ihr Amt als Vorstandsvorsitzende nach zwei Jahren nieder und verlässt die Region/ _csam |
| 264 | _c2024 | ||
| 653 | _aFrankfurt (Oder) | ||
| 653 | _aWichern | ||
| 653 | _aVorstand | ||
| 653 | _aGabriele Floßmannb | ||
| 773 | 0 |
_g36. Jahrgang (2025) Nr. 197 vom 25.08.2025, S. 11 mit Foto _tMärkische Oderzeitung |
|
| 942 |
_2z _cA |
||
| 999 |
_c373977 _d373977 |
||